000 00444cam a2200181ua 4500
001 11870
008 191114n ii |||gr||||Z||||||eng
020 _a9788131516041
040 _cMAIN
041 _aeng
082 _a651.7
100 _aMallika Nawal,
_eAuthor.
245 _aBusiness communication
_cBy Mallika Nawal
260 _aNew Delhi:
_bCengage learning.,
_c2018499.
300 _a511p.
653 _aOffice services
942 _cBK
999 _c10661
_d10661